000 00447nam a2200169 i 4500
001 bg
100 1 _aPRANDECKA, Barbara Karolina
245 0 _aNauki ekonomiczne a środowisko przyrodnicze /
_cB. Prandecka.
250 _aWyd.2 rozsz.
260 _aWarszawa,
_c1983.
650 9 _aNauki ekonomiczne a środowisko człowieka
040 _cBPK
041 _apol
080 _a504::33
942 _cKS
008 s pl f |000 0 pol
999 _c1898
_d1898
856 _uhttp://koha.tu.koszalin.pl/cgi-bin/koha/opac-detail.pl?biblionumber=1898
_yKatalog online BPK